| 000 | 00769nam a2200265 a 4500 | ||
|---|---|---|---|
| 005 | 20210219153402.0 | ||
| 008 | 991125n 000 0 eng u | ||
| 035 | _aUPN01000095683 | ||
| 100 | _aHaladyna, Thomas M. | ||
| 222 | _aEDUCATIONAL RESEARCHER | ||
| 245 | _aRaising standardized achievement test scores and the origins of test score pollution | ||
| 300 | _a2-7 | ||
| 362 | _a1991 20, No. 5 | ||
| 505 | _aEnero 1992 | ||
| 653 | 0 | _aETICA | |
| 653 | 0 | _aINTERPRETACION DE PRUEBAS | |
| 653 | 0 | _aINVESTIGACION DE LA EVALUACION | |
| 653 | 0 | _aPRUEBAS DE ENSE\197ANZA | |
| 653 | 0 | _aPRUEBAS DE VALIDACION | |
| 653 | 0 | _aPRUEBAS ESTANDARIZADAS | |
| 700 | _aNolan, Susan Bobbit | ||
| 700 | _aHass, Nancy S. | ||
| 904 |
_aAC _b033494 |
||
| 905 | _aArticulo | ||
| 999 |
_c75602 _d75602 |
||